السلطة القضائية و النقابات المهنية فى مصر / (Record no. 100043)
[ view plain ]
| 000 -LEADER | |
|---|---|
| fixed length control field | 012320am a2200277 004500 |
| 003 - CONTROL NUMBER IDENTIFIER | |
| control field | EG-GiCUC |
| 008 - FIXED-LENGTH DATA ELEMENTS--GENERAL INFORMATION | |
| fixed length control field | 080707s1997 ua g f000 0 ara d |
| 040 ## - CATALOGING SOURCE | |
| Original cataloging agency | EG-GiCUC |
| Language of cataloging | ara |
| Transcribing agency | EG-GiCUC |
| 043 ## - GEOGRAPHIC AREA CODE | |
| Geographic area code | f-ua--- |
| 092 04 - LOCALLY ASSIGNED DEWEY CALL NUMBER (OCLC) | |
| Classification number | 348.62 |
| Item number | M9666 |
| Edition number | 21 |
| 099 ## - LOCAL FREE-TEXT CALL NUMBER (OCLC) | |
| Classification number | 04 |
| -- | 348.62 M9666 |
| 100 1# - MAIN ENTRY--PERSONAL NAME | |
| Personal name | عبد المنعم : احمد فارس |
| 245 12 - TITLE STATEMENT | |
| Title | السلطة القضائية و النقابات المهنية فى مصر / |
| Statement of responsibility, etc. | احمد فارس عبد المنعم |
| 260 ## - PUBLICATION, DISTRIBUTION, ETC. | |
| Place of publication, distribution, etc. | الجيزة : |
| Name of publisher, distributor, etc. | جامعة القاهرة : كلية الاقتصاد و العلوم السياسية : مركز البحوث و الدراسات السياسية : |
| Date of publication, distribution, etc. | 1997 |
| 300 ## - PHYSICAL DESCRIPTION | |
| Extent | 30ص ؛ |
| Dimensions | 29سم |
| 440 #0 - SERIES STATEMENT/ADDED ENTRY--TITLE | |
| Title | بحوث سياسية ؛ |
| Volume/sequential designation | 112 |
| 650 #7 - SUBJECT ADDED ENTRY--TOPICAL TERM | |
| Topical term or geographic name entry element | السلطة القضائية |
| Geographic subdivision | مصر |
| Source of heading or term | qrmak |
| 650 #7 - SUBJECT ADDED ENTRY--TOPICAL TERM | |
| Topical term or geographic name entry element | القضاء |
| Geographic subdivision | مصر |
| Source of heading or term | qrmak |
| 650 #7 - SUBJECT ADDED ENTRY--TOPICAL TERM | |
| Topical term or geographic name entry element | النقابات المهنية |
| Geographic subdivision | مصر |
| Source of heading or term | qrmak |
| 651 #7 - SUBJECT ADDED ENTRY--GEOGRAPHIC NAME | |
| Geographic name | مصر |
| General subdivision | السلطة القضائية |
| Source of heading or term | qrmak |
| 710 2# - ADDED ENTRY--CORPORATE NAME | |
| Corporate name or jurisdiction name as entry element | جامعة القاهرة : كلية الاقتصاد و العلوم السياسية : مركز البحوث و الدراسات السياسية |
| 902 ## - LOCAL DATA ELEMENT B, LDB (RLIN) | |
| No. of Items | 1 |
| 905 ## - LOCAL DATA ELEMENT E, LDE (RLIN) | |
| Cataloger | جيهان |
| Reviser | مراجع |
| 905 ## - LOCAL DATA ELEMENT E, LDE (RLIN) | |
| Cataloger | عبير |
| Reviser | مدخل |
| 942 ## - ADDED ENTRY ELEMENTS (KOHA) | |
| Source of classification or shelving scheme | Dewey Decimal Classification |
| Koha item type | Books |
| Source of classification or shelving scheme | Not for loan | Home library | Current library | Date acquired | Full call number | Barcode | Date last seen | Copy number | Koha item type |
|---|---|---|---|---|---|---|---|---|---|
| Dewey Decimal Classification | المكتبة المركزبة الجديدة - جامعة القاهرة | قاعة الكتب - الدور الثاني | 11.02.2024 | 348.62 M9666 | 01000100102877000 | 23.09.2023 | C.1 | Books |